[Event "Moscow Fide.com Cup"]
[Site "Moscow"]
[Date "2001.03.26"]
[Round "2"]
[White "Short, Nigel D"]
[Black "Khalifman, Alexander"]
[Result "1/2-1/2"]
[WhiteElo "2676"]
[BlackElo "2690"]
[Annotator "Tsesarsky,I"]
[PlyCount "110"]
[EventDate "2001.03.26"]
[EventType "match"]
[EventRounds "3"]
[EventCountry "RUS"]
[SourceTitle "CBM 082"]
[Source "ChessBase"]
[SourceDate "2001.05.17"]
[SourceVersion "1"]
[SourceVersionDate "2001.05.17"]
[SourceQuality "1"]

1. e4 e5 2. Nf3 Nc6 3. Nc3 Nf6 4. Bb5 Nd4 5. Nxe5 {Rare move.} ({Mainlines are:
} 5. Bc4) (5. O-O) (5. Nxd4) 5... Qe7 (5... Nxe4 $2 6. Nxe4 Qe7 (6... Nxb5 $2
7. Nxf7 $1 $18 {1-0 Bogoljubow,E-Rubinstein,A/Gothenburg 1920/MainBase/
[ChessBase] (22)}) 7. O-O Qxe5 8. Re1 Be7 9. Nc3 Qc5 10. b4 $1 Qd6 11. Bc4 O-O
12. Nd5 $16 {[%cal Gc1b2]}) 6. f4 (6. Nf3 Nxb5 (6... Nxe4 7. O-O Nxc3 8. dxc3
Nxf3+ 9. Qxf3 Qc5 10. Re1+ $14 {1-0 Lasker,E-Englund,F/Scheveningen 1913/EXT
98 (21)}) 7. Nxb5 Qxe4+ 8. Qe2 Qxe2+ 9. Kxe2 Nd5 10. Re1 a6 (10... f6 $132 {
0-1 Kubbel,A-Grigoriev,N/Moscow 1920/URS-ch (26)}) 11. Kf1+ (11. Nc3 Nxc3+ 12.
dxc3 $11 {1/2-1/2 Wenger,K-Giessmann,A/Graz 1993/EXT 97 (54)}) 11... Be7 $11 {
1-0 Kubbel,A-Tselikov,N/Moscow 1920/URS-ch (45)}) 6... Nxb5 7. Nxb5 d6 (7... d5
$2 8. exd5 Nxd5 9. c4 Nxf4 10. O-O f6 11. d4 fxe5 12. Bxf4 $16 {(...). 1-0
Zinner,E-Friedemann,G/Munich 1936/EXT 2000 (16)}) 8. Nf3 (8. Nd3 $4 Bg4 {
[%csl Rd1] 0-1 Brujic,B-Jankovic,M/Novi Sad 1989/EXT 2000 (8)}) 8... c6 ({
Black equalizes also in case of} 8... Qxe4+ 9. Kf2 {[%csl Re4][%cal Gh1e1]} (9.
Qe2 Qxe2+ 10. Kxe2 Nd5 11. d3 a6 $11 {0-1 Kristovic,M-Dabo Peranic,R/Bizovac
CRO 2001/The Week in Chess 329 (69)}) 9... Kd8 (9... Qc4 10. Re1+ Be7 11. Nbd4
c5 12. d3 Qa4 13. Qe2 Ng8 14. Nb3 Be6 $132 {1-0 Mastrovasilis,D-Gorbovickis,I/
Bratislava 1993/TD (40)}) (9... Ng4+ 10. Kg3 (10. Kg1 Kd8 (10... Qc4 11. a4
$132 {1-0 Piazzini,L-Bolbochan,J/Buenos Aires 1933/HCL (41)}) (10... Qc6 11. a4
a6 12. d4 $132 {1/2-1/2 Platz,J-Howard,F/South Fallsburg 1948/EXT 98 (61)}) 11.
h3 Nf6 12. d4 (12. d3 $132 {0-1 Platz,J-Adams,W/South Fallsburg 1948/EXT 98 
(54)}) 12... h5 13. Ng5 Qe8 14. Nc3 $132 {1/2-1/2 Opocensky,K-Rubinstein,A/
Meran 1924/EXT 99 (39)}) 10... Kd8 (10... Qg6 11. Nh4 $18 {0-1 Lundin,E-Michel,
P/Buenos Aires 1939/HCL (34)} (11. Nh4 Qh5 $17)) (10... Qc4 11. a4 d5 12. h3 a6
13. d3 Qc5 14. d4 Qb6 15. Nc3 Nf6 $132 {1/2-1/2 Bisguier,A-Levin,E/USA 1998/
EXT 99 (22)}) 11. h3 Nh6 12. d4 Be7 13. Re1 Qg6+ $132 {1-0 Bogoljubow,
E-Rubinstein,A/Gothenburg 1920/HCL (31)}) 10. d3 Ng4+ 11. Kg1 Qe8 12. c4 h5 13.
h3 Nh6 14. Kh2 Ng4+ 15. Kg1 Nh6 16. Kf2 $132 {0-1 Pihlajasalo,A-Vaatainen,T/
Helsinki 1997/EXT 99 (41)}) 9. Nc3 Nxe4 10. O-O (10. Nxe4 Qxe4+ 11. Qe2 Bf5 $11
{0-1 Woods,O-Jendras,G/Romulus 1994/EXT 2000 (47)}) 10... Nxc3 11. dxc3 (11.
bxc3 Qc7 12. c4 Be7 13. d3 O-O 14. Be3 Bd7 15. Qd2 c5 16. Rae1 Rfe8 $11 {
1/2-1/2 Platz,J-Shainswit,G/South Fallsburg 1948/EXT 98 (65)}) 11... Qd8 (11...
Qf6 12. Re1+ Be7 13. Be3 $11) 12. Re1+ (12. Qd4 Qb6 13. Re1+ Be7 14. Be3 Qxd4
15. Bxd4 f6 16. c4 Kf7 17. Re3 Re8 18. Rae1 Bf5 19. R1e2 c5 20. Bc3 Bf8 $11 {
1/2-1/2 Campora,D-Toth,C/Bogota 1991/EXT 97 (37)}) 12... Be7 13. Qe2 Bg4 14. h3
Bxf3 15. Qxf3 O-O 16. Be3 Bf6 (16... Re8 17. Bd4 Bf8 18. Rxe8 Qxe8 $11) 17. g4
$5 $132 {Interesting brave decision!} ({White is not satisfied with} 17. Bd4
$11 {with approximately equal play.}) 17... g6 ({Quite well was} 17... Re8 {
Not were afraid of kingside PP promotion.} 18. g5 Be7 {[%cal Ge7f8]} 19. Re2 d5
20. Rae1 Bd6 $132) 18. Rad1 Re8 19. f5 Be5 (19... Bg5 $143 $6 20. Bd4 d5 21.
Qg3 $1 $14) 20. Rf1 Qe7 ({Or} 20... Qf6 21. Rde1 $132 (21. g5 $6 Qxf5 22. Qxf5
gxf5 23. Rxf5 Bxc3 24. bxc3 Rxe3 25. Rxd6 Rae8 (25... Rxc3 26. Rd7 Rf8 27. Rxb7
$11) 26. Rd7 R8e7 $15) (21. fxg6 Qxg6 22. Bd4 Re6 $132)) 21. Rd3 d5 22. Bd4
Bxd4+ 23. cxd4 Qc7 $6 $14 (23... g5 $5 24. f6 (24. h4 gxh4 25. Qf4 f6 26. Rh3
Qe2 27. Rh2 Qc4 $15) 24... Qe2 25. Qxe2 (25. Qf5 h6 26. Rf2 Qe1+ 27. Kg2 Re6
$15) 25... Rxe2 26. Rf2 Rae8 27. Ra3 $132) 24. Re3 $1 Re4 $2 $16 {Badly.Back
loses whole P without any compensation by force.} ({Much better was} 24... Re7
25. Rfe1 Rae8 {in order to change two RR pairs:} 26. f6 Rxe3 27. Rxe3 Rxe3 28.
Qxe3 Kf8 29. Kg2 Qd6 30. g5 $14 {[%cal Ge3g3]}) 25. fxg6 fxg6 26. Rxe4 dxe4 27.
Qxe4 Qg3+ 28. Qg2 Qe3+ 29. Qf2 Re8 30. Kg2 (30. c3 $16) 30... Qe4+ 31. Kg3 Qe3+
32. Qxe3 Rxe3+ 33. Rf3 Re2 34. Rb3 $1 ({Of couse,} 34. Rf2 {would keep
advantage.} Re3+ 35. Kg2 $16) 34... Rxc2 $6 $18 (34... b6 35. Rc3 Re6 36. Kf4
$16) 35. Rxb7 Rd2 36. Rxa7 Rxd4 ({Huge advantage White keep also after} 36...
Rxb2 37. Kf4 $18 {[%csl Gf4,Rg8]}) 37. Rb7 Rd3+ 38. Kf4 $4 $11 ({After right} 
38. Kh4 $1 h6 39. a4 g5+ (39... Rd1 40. a5 Ra1 41. b4 c5 (41... Ra4 42. Rc7
Rxb4 43. a6 Rb3 44. a7 Ra3 {with a small trap:} 45. g5 $1 $18 ({Not} 45. Rc8+
Kg7 46. a8=Q g5+ 47. Kh5 Rxh3#)) 42. bxc5 Rxa5 43. c6 Rc5 44. c7 Rc3 {[%csl
Rh4]} 45. g5 $1 $18 {[%csl Gh4]} ({Wrong is} 45. Rb8+ Kg7 46. g5 $11 ({Not} 46.
c8=Q g5+ 47. Kh5 Rxh3#))) 40. Kh5 Rxh3+ 41. Kg6 Kf8 42. a5 $18 {White wins})
38... Rxh3 {White lost P advantage and here the only advantage White reached
is KK locations difference, but it is not enough to win.} 39. a4 Rh1 {[%cal
Gh1a1]} 40. a5 Ra1 41. b4 h5 42. Rc7 (42. gxh5 gxh5 43. Ke5 (43. Kg5 Kf8 44.
Kxh5 c5 45. bxc5 Rxa5 $11) 43... h4 $1 $11 {[%cal Gh4h3]} (43... c5 $2 44. bxc5
Rxa5 45. Kd6 $18)) 42... Ra4 43. gxh5 gxh5 44. Kg5 h4 $1 {Exactly! Maybe this
strong reply was missed by White, or time pressure was too intensive...} (44...
Rxb4 $4 45. a6 Ra4 46. a7 $18) 45. Kxh4 Rxb4+ 46. Kg5 Ra4 47. Ra7 Kf8 48. Kf6
Ke8 49. Ke6 Kd8 50. Kd6 Kc8 51. Kxc6 Kb8 52. Rb7+ Ka8 53. Rd7 Rh4 54. Kb6 Rh6+
55. Kb5 Rh5+ 1/2-1/2

[Event "FIDE World Cup-B (Women)"]
[Site "Shenyang"]
[Date "2000.09.05"]
[Round "5"]
[White "Qin, Kanying"]
[Black "Stefanova, Antoaneta"]
[Result "1/2-1/2"]
[WhiteElo "2501"]
[BlackElo "2514"]
[Annotator "Tsesarsky,I"]
[PlyCount "98"]
[EventDate "2000.09.01"]
[EventType "tourn"]
[EventRounds "5"]
[EventCountry "CHN"]
[EventCategory "7"]
[SourceTitle "CBM 079"]
[Source "ChessBase"]
[SourceDate "2000.11.21"]
[SourceVersion "1"]
[SourceVersionDate "2000.11.21"]
[SourceQuality "1"]

1. e4 e5 2. Nf3 Nc6 3. Nc3 Nf6 4. Bb5 Bc5 5. O-O O-O 6. d3 ({Also doesn't dive
nothing very old move} 6. Bxc6 dxc6 7. d3 {and here:} Bg4 (7... Re8 8. h3 h6 9.
Ne2 Nh5 10. g4 Qf6 11. Kg2 Qg6 12. Nh4 Qf6 13. Nf5 Bxf5 14. exf5 Nf4+ 15. Bxf4
exf4 16. Rb1 g6 (16... Bd6 $11) 17. Nxf4 $132 {1-0 Podlesnik,B-Kovacic,P/Nova
Gorica SLO 1999/ (31)}) (7... Nd7 8. Ne2 Re8 9. Bg5 f6 10. Be3 Bf8 11. Nh4 Nc5
$11 {1/2-1/2 Alekhine,A-Freymann,S/Vilnius 1912/ (15)}) 8. h3 Bh5 9. Bg5 h6 10.
Bxf6 Qxf6 11. g4 Bg6 12. Kg2 Rad8 13. Qc1 Qe6 14. Nh4 Be7 15. Nf5 Bg5 16. Qd1
c5 $11 {1/2-1/2 Nimzowitsch,A-Rubinstein,A/San Sebastian 1912/ (45)}) 6... d6
7. Bxc6 {Another variations also don't bring to White any advantage. For
example:} (7. Na4 Nd4 8. Nxd4 (8. Nxc5 Nxb5 $11) 8... Bxd4 9. c3 a6 $1 (9...
Bb6 $6 10. Nxb6 axb6 11. Ba4 Bg4 12. f3 Bd7 13. Bc2 h6 14. f4 $14 {BB 1-0
Popov,S-Ivanovic,M/Pula tt 1990/ (55)}) 10. cxd4 axb5 11. Nc3 c6 12. Ne2 $11 {
0-1 Zavoronkov,V-Macieja,B/EU-chJM U16 Rimavska Sobota ,EXT 1992 (38)}) (7. Bg5
h6 (7... Bg4 8. Bxc6 bxc6 9. h3 Be6 10. d4 exd4 11. Nxd4 Bxd4 12. Qxd4 c5 13.
Qd3 h6 14. Bh4 Rb8 15. b3 g5 16. Bg3 Nh5 17. f4 $132 {1-0 Ginsburg,
G-Schlindwein,R/Hessen-Baden [2] ,GER 1994/ (29)}) 8. Bh4 Bg4 9. Bxc6 bxc6 10.
h3 Bd7 11. d4 exd4 12. Nxd4 Re8 13. Re1 Rb8 14. Nb3 Bb6 $132 {1/2-1/2
Rosentalis,E-Ionov,S/URS-OT56 Uzhgorod 1988/ (53)}) 7... bxc6 8. h3 (8. d4 exd4
9. Nxd4 Qe8 $1 10. Re1 Ng4 $1 {[%cal Ge8e5]} (10... Bb7 $2 11. Bg5 Qe5 12. Nf3
Qe6 13. Na4 Bb6 14. Nxb6 axb6 15. Nd4 Qe5 16. f4 Qc5 17. Bxf6 gxf6 18. Qg4+ (
18. b4 Qxb4 {1/2-1/2 Riemann,F-Wittek,A/Berlin DSB 2nd Congress 1881/ (45)})
18... Kh8 19. c3 $18) 11. Bf4 Rb8 12. f3 (12. b3 Rb4 $1 $17) 12... Rb4 13. Nce2
Ne5 14. b3 Rb8 15. Qd2 $132) 8... h6 9. Be3 (9. Re1 Be6 10. Be3 Bb6 11. d4 exd4
12. Nxd4 Bd7 13. Qe2 $6 (13. Qd3 $11) 13... Re8 14. Qd3 {1/2-1/2 Raasch,
W-Sauter,A/PF- Bellheim ,GER 1994 (20)}) 9... Bb6 (9... Bxe3 10. fxe3 c5 $11)
10. Ne2 Bxe3 11. fxe3 d5 $5 {Active equalizing move.} (11... c5 $11) 12. exd5 (
12. Nxe5 Qe8 13. Nf3 dxe4 14. dxe4 $132) 12... cxd5 13. Nxe5 Qe8 (13... Qd6 14.
d4 Ne4 15. c4 $14) 14. d4 Nd7 15. Nf4 $5 (15. Nxd7 Qxe3+ 16. Kh1 Bxd7 17. Nf4
Rab8 18. b3 Bc6 $132) 15... Nxe5 16. dxe5 Qxe5 17. Qd4 {White can't keep
sacrificed P.} (17. Nxd5 c6 18. Nc3 Qxe3+ $11) 17... Qxd4 18. exd4 {[%mdl 4096]
} c6 (18... Bb7 19. Rae1 Rae8 $11) 19. Rae1 g6 (19... Rb8 20. b3 Ba6 21. Rf3
Rfe8 22. Rfe3 Rxe3 23. Rxe3 Kf8 24. Kf2 Re8 $11) 20. g4 {[%csl Gf5]} (20. Re7
Bf5 21. g4 Be4 $11) 20... h5 $2 {Very bad move, connected with blunder.} (20...
Ba6 $2 21. Rf3 Rfe8 22. Rxe8+ Rxe8 23. Ra3 $16) ({Good enough was natural} 
20... Rb8 $1 21. b3 Ba6 22. Rf3 Rfe8 23. Rfe3 Rxe3 24. Rxe3 Kf8 $11) 21. gxh5
g5 22. Nd3 Bxh3 23. Rf3 $6 (23. Rf6 $1 {[%csl Rc6][%cal Gf6c6] was strong:}
Rae8 24. Re5 $1 $16) 23... Be6 (23... Bg4 $142 {and here White had to find} 24.
Rf6 $1 {and to play with high accuracy:} (24. Rg3 $2 Bxh5 25. Rxg5+ Bg6 26. Nf4
(26. Ne5 Rae8 27. Kf2 Re6 28. Reg1) 26... Kg7 27. Re7 Kh6 $1 (27... Kf6 28.
Nxg6 fxg6 29. Rge5 Rab8 30. b3 $16) 28. Rg3 Rfe8 29. Rc7 Rec8 $11) 24... Rae8
25. Rxe8 Rxe8 26. h6 Re2 (26... Re6 27. Rxe6 Bxe6 28. Ne5 Kh7 29. Nxc6 a6 30.
Nb4 a5 (30... f5 31. Nxa6 f4 32. a4 g4 33. Nc5 Bf5 34. a5 g3 35. Kg2 $18) 31.
Nc6 a4 32. b3 axb3 33. cxb3 Kxh6 34. a4 $18 {And white free PP are more
dangerous than black free PP.} {For example:} Bd7 35. Nb4 Kg6 36. a5 f5 37. a6
Bc8 38. a7 Bb7 39. Nd3 Kf6 40. Nc5 Bc6 41. b4 $18) (26... Re4 27. Ne5 Rxd4 28.
Rxf7 {[%cal Gh6h7,Ge5g6]} Bh5 29. Rxa7 $18) 27. Rxc6 Kh7 28. Nb4 f5 29. Nxd5
Bf3 30. Kf1 g4 31. b4 g3 (31... Rd2 32. Nf6+ Kxh6 33. Ne4+ Kh5 34. Nxd2 Bxc6
35. c4 $18) 32. Nf6+ Kxh6 33. Ne4+ $18 {[%csl Rg3]}) 24. Rg3 Kh7 25. Rxg5 Rg8 (
25... Kh6 26. Rg2 Rg8 27. Nf4 $16) 26. Rxg8 (26. Rg2 $16) 26... Rxg8+ 27. Kf2
Rg4 (27... Kh6 28. Nf4 $16) 28. Nc5 $1 (28. Ne5 $2 Rf4+ 29. Kg3 (29. Ke3 Re4+
30. Kf2 Rf4+ $11) 29... Rxd4 30. Nxc6 Rc4 31. Nxa7 Rxc2 32. a4 Rxb2 33. a5 Ra2
34. Nc6 Bd7 $11) (28. c3 $2 Rh4 29. Kg2 Rxh5 30. Ne5 Rg5+ 31. Kf3 Rf5+ 32. Ke3
c5 33. Nc6 cxd4+ 34. Kxd4 Rf2 35. Nxa7 Rxb2 $11) 28... Bf5 $18 {After this
move Black position it lost.} ({However, after} 28... Rxd4 29. Nxe6 fxe6 30.
Rxe6 $18 {position seems with certain chances for draw, but after a little
analysis I concluded - no, this position is hopeless.} Rc4 (30... Rd2+ 31. Re2
$18) 31. c3 d4 32. cxd4 Rxd4 33. Ke3 Rc4 34. Re7+ Kh6 35. Rxa7 Kxh5 36. Kd3 $18
{[%csl Ga2,Rh5]}) 29. Re7 Bxc2 (29... Kg7 30. Ke3 Rh4 (30... Bxc2 31. Rxa7 $18)
31. Rxa7 Bxc2 (31... Rxh5 32. Rc7 Rh6 33. a4 Bxc2 34. a5 $18) 32. Rc7 Rxh5 33.
Rxc6 $18) 30. Rxf7+ Kg8 31. Rxa7 Rxd4 32. Rg7+ $1 (32. Ne6 $2 Rh4 33. Rg7+ Kh8
34. Rc7 Rxh5 35. Rxc6 Bb1 36. a4 Rh2+ 37. Ke3 Rxb2 38. a5 Ra2 39. a6 Ra3+ 40.
Kd4 Ba2 41. Ke5 (41. Rc8+ Kh7 42. Rc7+ Kg6 43. a7 Kf5 44. Nc5 Bc4 45. Nd7 Ke6
46. Nb6 Kd6 $1 47. Rxc4 (47. Nxc4+ Kxc7 48. Nxa3 Kb7 49. Nb5 Ka8 $11) 47...
Rxa7 48. Nc8+ Kd7 $11) 41... Bc4 42. Rc8+ Kh7 43. Rc7+ Kg6 (43... Kh6) 44. a7
Ra5 45. Nf8+ Kg5 46. Nd7 d4+ 47. Kxd4 Bd5 48. Nb6 Bc6 $1 $11) 32... Kh8 (32...
Kxg7 33. Ne6+ Kh6 34. Nxd4 Bb1 35. a4 c5 36. a5 Bd3 37. Ne6 c4 38. Nc5 c3 39.
Nxd3 $18) 33. Rc7 Bh7 ({Loses also} 33... Bf5 34. a4 Rd2+ 35. Ke3 Rxb2 36. Rxc6
$18) 34. Rc8+ Bg8 35. a4 Rc4 ({The same position was after} 35... Rd2+ 36. Ke3
Rxb2 37. Rxc6 Rh2 38. h6 Kh7 39. a5 $18) 36. Rxc6 d4 37. Ke2 Rc2+ 38. Kd3 Rxb2
39. Kxd4 Rb4+ 40. Ke5 Rh4 41. h6 Bc4 42. Ne4 (42. a5 $18) 42... Rh5+ 43. Kf4
Rh4+ 44. Ke5 Bb3 45. Ng5 $4 $11 {Terrible move! It was at least 2 ways of
winning :} ({The first way is} 45. Nf6 $1 Rxh6 46. a5 $1 {Pa5 is much stronger
than h6!} Rh1 (46... Ba4 47. Rb6 Kg7 48. a6 Rh8 49. a7 Ra8 50. Rb7+ Kh6 51. Nd5
Bc6 52. Rc7 Re8+ 53. Kd6 Ba8 54. Nb6 Bh1 55. Rc8 Rxc8 56. Nxc8 Kg5 57. Kc7 Kf4
(57... Kf6 58. Nd6 Ba8 59. Kb8 $18) 58. Nd6 Ba8 59. Nb7 $18) 47. Rc7 (47. a6 $5
$18) 47... Re1+ (47... Bd1 48. a6 Bf3 49. a7 Bg2 50. Ke6 Bf3 51. Rc8+ Kg7 52.
Rg8+ Kh6 53. Rh8+ Kg6 54. Rxh1 Bxh1 55. Nd5 $18) 48. Kd4 Rd1+ 49. Ke3 Re1+ 50.
Kd2 Rd1+ 51. Ke2 Rh1 52. a6 $18) (45. a5 $2 Rh5+ 46. Kd4 Rxa5 $11 47. Nf6 Bg8
48. Rc8 Ra4+ 49. Ke5 Ra5+ 50. Ke4 (50. Kf4 Rf5+ $11) 50... Ra4+ 51. Kf5 Rf4+
52. Kg6 Rg4+ 53. Kh5 Rg5+ 54. Kh4 Rg6 $11) ({The second way is:} 45. Kf5 $1
Rxe4 (45... Bxa4 46. Rc8+ Kh7 47. Ng5+ Kxh6 48. Rh8+ Kg7 49. Rxh4 $18) 46. Kxe4
Bxa4 47. Rc7 Bb3 48. Kf5 $1 {The main idea of this endgame is to avoid b1-h7
diagonal by the black B.} (48. Ke5 $2 Ba2 49. Rb7 (49. Kf6 Bb1 $11) 49... Bc4
50. Kf6 Bd3 $11) 48... Ba2 49. Rb7 Bd5 50. Rb4 Kh7 51. Kg5 Kh8 52. Kg6 Bg8 53.
Rb7 Bd5 54. Rh7+ Kg8 55. Re7 $18) 45... Rxa4 46. Rc8+ Bg8 47. h7 (47. Rd8 Ra5+
48. Kf4 Rf5+ 49. Kg4 Rf4+ $11) (47. Ne4 Kh7 48. Nf6+ Kxh6 49. Rxg8 Ra5+ 50. Nd5
Kh7 51. Rg1 $11) 47... Ra5+ 48. Kf4 (48. Kf6 Rxg5 $11) 48... Rxg5 49. Kxg5 Kxh7
1/2-1/2

[Event "FIDE-Wch k.o."]
[Site "Moscow"]
[Date "2001.11.30"]
[Round "2.2"]
[White "Motylev, Alexander"]
[Black "Grischuk, Alexander"]
[Result "1-0"]
[WhiteElo "2641"]
[BlackElo "2666"]
[Annotator "Tsesarsky,I"]
[PlyCount "77"]
[EventDate "2001.11.27"]
[EventType "k.o."]
[EventRounds "7"]
[EventCountry "RUS"]
[SourceTitle "CBM 086"]
[Source "ChessBase"]
[SourceDate "2002.02.05"]
[SourceVersion "1"]
[SourceVersionDate "2002.02.05"]
[SourceQuality "1"]

1. e4 e5 2. Nf3 Nc6 3. Nc3 Nf6 4. Bb5 Nd4 5. Ba4 c6 6. Nxe5 d6 7. Nf3 Bg4 8. d3
(8. h3 Bxf3 9. gxf3 g6 10. Kf1 (10. Nb1 {-see commented game 0-1 Ponomariov,
R-Almasi,Z/Pamplona 1996/CBM 57[Tsesarsky,I] (82)}) 10... Bg7 {-see commented
game 1-0 Ponomariov,R-Gomez Esteban,J/Pamplona 1996/CBM 57 [Tsesarsky,I](60)})
8... d5 ({Another way is} 8... Nd7 $143 9. Be3 Nxf3+ 10. gxf3 Bh5 11. d4 Qf6
12. Rg1 Bxf3 (12... Qxf3 13. Qxf3 Bxf3 14. Rg3 $5 (14. d5 c5 15. Kd2 O-O-O 16.
Bxd7+ Kxd7 17. Rg3 Bh5 18. Rb1 a5 19. a3 g6 20. b4 axb4 21. axb4 c4 22. b5 Bg7
$132 {0-1 Wells,P-Hebden,M/Hastings 1991/CBM 26 ext (52)}) 14... Bh5 15. d5 (
15. Ne2 Bg6 16. f3 d5 17. exd5 Nb6 18. Bb3 Nxd5 $15 {0-1 Winsnes,R-Sepp,O/
Oerebro 1995/EXT 98 (37)}) 15... c5 16. Ne2 O-O-O 17. Nf4 Bg6 18. f3 $14 {
1/2-1/2 Istratescu,A-Sepp,O/Moscow 1994/CBM 44 ext (68)}) 13. Qd3 Qh4 14. Rg3
Qxh2 15. Kd2 Qh5 16. d5 $36 {1-0 Acs,P-Karakehajov,K/Athens GRE 2001/The Week
in Chess 354 (24)}) 9. O-O (9. h3 Nxf3+ 10. gxf3 Bh5 11. e5 (11. Qe2 $2 d4 12.
Nb1 (12. Nd5 b5 13. Nf4 Qa5+ 14. Kd1 bxa4 15. e5 Kd7 16. Rg1 g6 17. Bd2 (17.
exf6 Re8 $19) 17... Qb6 $19) 12... Qa5+ 13. Nd2 Qxa4 {0-1 Jamrich,G-Petran,P/
Budapest 1997/EXT 2001 (13)}) (11. exd5 Nxd5 12. Ne4 Qe7 13. Kf1 O-O-O 14. c3
Qc7 15. Kg2 Be7 $44 {0-1 Kholmov,R-Malaniuk,V/St Petersburg RUS 2001/The Week
in Chess 344 (34)}) 11... d4 12. exf6 dxc3 13. Qe2+ Kd7 14. Qe4 (14. Qe5) 14...
Qxf6 15. Qd5+ Bd6 (15... Ke8 16. Qxh5 cxb2 17. Bxb2 Qxb2 18. O-O $132) 16. Qxh5
cxb2 17. Bxb2 Rae8+ 18. Kf1 Qxb2 19. Qxf7+ Re7 20. Qf5+ Kc7 21. Kg2 $132 {
1/2-1/2 McShane,L-Pavasovic,D/Lippstadt 1998/CBM 65 ext (39)}) (9. Bg5 dxe4 10.
Nxe4 Qa5+ 11. c3 Nxf3+ 12. gxf3 Nxe4 $1 13. dxe4 $8 Qxg5 14. fxg4 h5 15. Qd5
Qxd5 16. exd5 hxg4 17. dxc6 O-O-O 18. cxb7+ Kxb7 19. Rd1 Bd6 $132 {1-0 Graham,
N-Tabakovic,M/USA 1997/EXT 2001 (32)}) (9. exd5 Nxd5 10. Nxd4 Bxd1 11. Nxc6
Nxc3 (11... bxc6 $1 12. Bxc6+ Ke7 13. Nxd5+ Kd6 14. Bxa8 Qxa8 15. Ne3 Bh5 $19)
12. Nxd8+ Nxa4 13. Nxf7 Kxf7 14. Kxd1 Rd8 $17 {0-1 Nijboer,F-Fernandez Garcia,
J/Linares 1995/CBM 51 (32)}) (9. Be3 {-see commented game 0-1 Gruenfeld,
Y-Shabtai,R/Jerusalem 1996/CBM 56[Tsesarsky,I] (42)}) 9... dxe4 10. Nxe4 $5
$146 ({Worth of attention also} 10. dxe4 Bxf3 11. gxf3 b5 12. Bb3 Bc5 13. e5 {
Grischuk had to prepare something on this!} Nd7 $5 (13... Qd7 $2 14. exf6 O-O-O
15. Kg2 $1 $18 {-see commented game 1-0 Nunn,J-Kristensen,B/Vejle 1994/CBM 40 
[Blatny,P](28)}) 14. f4 Qh4 15. Be3 $14) 10... Nxe4 11. Re1 (11. dxe4 $6 Nxf3+
12. gxf3 Qxd1 13. Rxd1 Bxf3 $11) 11... Be7 (11... Bxf3 12. gxf3 Qf6 13. Rxe4+
Be7 {[%csl Rf3]} 14. f4 O-O-O 15. Be3 $14) 12. Rxe4 Nxf3+ 13. gxf3 Bf5 14. Re5
Be6 (14... Qd7 15. Qe1 $14 {[%csl Re7,Re8][%cal Ge1e8]}) 15. Bb3 Bxb3 16. axb3
O-O 17. Qe2 $14 {Black opening strategy can be defined as dubious. White has
slight advantage. PP weaknesses on the kingside are less important than P lack.
} Bd6 18. Re4 Qc7 {[%csl Rh2][%cal Gc7h2]} 19. Kg2 $1 f5 $6 {Based on wrong
idea - Ph2 capture.} (19... a6 $142 $14) 20. Re6 Bxh2 $6 $16 21. Re7 Qd6 22.
Ra4 $1 {Really strong unexpected move!} ({I suppose, Black had calculated only
} 22. Rxb7 Rfe8 $1 $44) 22... Rf6 ({Badly is} 22... Rf7 23. Re6 Qc7 24. f4 $18
{[%csl Rh2]}) 23. Bg5 Rg6 ({Loses} 23... Rf7 24. Re6 Qb8 25. f4 {[%csl Rh2]} h6
{[%csl Rg5]} 26. Bxh6 $1 $18) 24. Re8+ Kf7 ({Another continuation leads to RR
endgame with White's advantage:} 24... Rxe8 25. Qxe8+ Qf8 26. Qxf8+ Kxf8 27.
Kxh2 Rxg5 28. Rxa7 b5 29. Rc7 $1 ({Not} 29. d4 $2 Rg6 30. c3 ({Or} 30. c4 Rd6
31. d5 bxc4 32. bxc4 cxd5 33. c5 Rd8 34. b4 (34. Kg2 d4 35. Kf1 h5 36. Ke2 Rb8
37. c6 Rc8 38. c7 h4 39. Kd3 h3 40. Kxd4 h2 41. Ra1 Rxc7 42. Rh1 $11) 34... d4
35. Ra2 d3 36. Rd2 Ke7 37. b5 Rd5 38. c6 Kd6 39. f4 $44) 30... Re6 31. Kg3 Re2
32. Rc7 Rxb2 33. Rxc6 Rxb3 34. Kf4 g6 35. Rc7 h6 36. d5 Rb2 37. Ke3 $132 (37.
Ke5 Rxf2 38. Kf6 Ke8 39. Kxg6 Rxf3 $11)) 29... Rg6 30. b4 $1 Rd6 31. b3 h6 32.
Kg3 g5 33. f4 $16) 25. Qe7+ Qxe7 26. Rxe7+ Kg8 (26... Kf8 $144 27. Kxh2 b5 (
27... Rxg5 28. Rxb7 $16) 28. Raxa7 Rxa7 29. Rxa7 Rxg5 30. Rc7 Rg6 31. b4 $16 {
like in comment to the 24-th move - see above.}) 27. Kxh2 Rxg5 $6 $18 {In 4R
endgame Black has no chance.} (27... b5 $142 28. Raxa7 Rxa7 29. Rxa7 Rxg5 30.
Rc7 Rg6 31. b4 $16 {We see this RR endgame position the third time!}) 28. Rxb7
a5 29. Re7 c5 30. f4 Rg4 31. f3 Rh4+ 32. Kg3 Rh1 33. Re5 {[%csl Ra5,Rc5,Rf5]}
Ra6 34. Rxf5 Rah6 {Black RR activity is not dangerous.} 35. Rxc5 R1h2 36. Raxa5
R6h3+ 37. Kg4 Rh4+ 38. Kf5 h6 39. Ke4 1-0